<?xml version="1.0" encoding="UTF-8"?>
<record
    xmlns:xsi="http://www.w3.org/2001/XMLSchema-instance"
    xsi:schemaLocation="http://www.loc.gov/MARC21/slim http://www.loc.gov/standards/marcxml/schema/MARC21slim.xsd"
    xmlns="http://www.loc.gov/MARC21/slim">

  <leader>00649nam a22001577a 4500</leader>
  <controlfield tag="003">OSt</controlfield>
  <controlfield tag="005">20151203102033.0</controlfield>
  <controlfield tag="008">151203b        xxu||||| |||| 00| 0 eng d</controlfield>
  <datafield tag="040" ind1=" " ind2=" ">
    <subfield code="c">RUA </subfield>
  </datafield>
  <datafield tag="082" ind1=" " ind2=" ">
    <subfield code="a">FIS ROV 2006 B178 Or.1</subfield>
  </datafield>
  <datafield tag="100" ind1=" " ind2=" ">
    <subfield code="9">4196</subfield>
    <subfield code="a">ROV TUNKHYNA; &#x179A;&#x17C9;&#x17BC;&#x179C; &#x1791;&#x17BB;&#x1799;&#x1783;&#x17B8;&#x178E;&#x17B6;</subfield>
  </datafield>
  <datafield tag="245" ind1=" " ind2=" ">
    <subfield code="a">The grass root of fishing conflicts in coastal community fisheries of kampot province, &#x17AC;&#x179F;&#x1782;&#x179B;&#x17CB;&#x1793;&#x17C3;&#x1791;&#x1793;&#x17B6;&#x179F;&#x17CB;&#x1793;&#x17C1;&#x179F;&#x17B6;&#x1791; &#x1780;&#x17D2;&#x1793;&#x17BB;&#x1784;&#x179F;&#x17A0;&#x1782;&#x1798;&#x1793;&#x17CD;&#x1793;&#x17C1;&#x179F;&#x17B6;&#x1791; &#x178F;&#x17C6;&#x1794;&#x1793;&#x17CB;&#x1786;&#x17D2;&#x1793;&#x17C1;&#x179A; &#x1781;&#x17C1;&#x178F;&#x17D2;&#x178F;&#x1780;&#x17C6;&#x1796;&#x178F;.</subfield>
  </datafield>
  <datafield tag="260" ind1=" " ind2=" ">
    <subfield code="a">Phnom Penh </subfield>
    <subfield code="b">RUA </subfield>
    <subfield code="c">2006</subfield>
  </datafield>
  <datafield tag="300" ind1=" " ind2=" ">
    <subfield code="a">ix; 66p.</subfield>
    <subfield code="b">ill.</subfield>
    <subfield code="c">29cm.</subfield>
  </datafield>
  <datafield tag="942" ind1=" " ind2=" ">
    <subfield code="2">ddc</subfield>
    <subfield code="c">FIS</subfield>
  </datafield>
  <datafield tag="999" ind1=" " ind2=" ">
    <subfield code="c">3911</subfield>
    <subfield code="d">3911</subfield>
  </datafield>
  <datafield tag="952" ind1=" " ind2=" ">
    <subfield code="0">0</subfield>
    <subfield code="1">0</subfield>
    <subfield code="2">ddc</subfield>
    <subfield code="4">0</subfield>
    <subfield code="6">FIS_ROV_2006_000000000000000_B178_OR_1</subfield>
    <subfield code="7">0</subfield>
    <subfield code="9">19692</subfield>
    <subfield code="a">LBB</subfield>
    <subfield code="b">LBB</subfield>
    <subfield code="c">B178</subfield>
    <subfield code="d">2015-12-03</subfield>
    <subfield code="o">FIS ROV 2006 B178 Or.1</subfield>
    <subfield code="p">RUA026662</subfield>
    <subfield code="r">2015-12-03</subfield>
    <subfield code="w">2015-12-03</subfield>
    <subfield code="y">FIS</subfield>
  </datafield>
  <datafield tag="952" ind1=" " ind2=" ">
    <subfield code="0">0</subfield>
    <subfield code="1">0</subfield>
    <subfield code="2">ddc</subfield>
    <subfield code="4">0</subfield>
    <subfield code="6">FIS_ROV_2006_000000000000000_B178_OR_2</subfield>
    <subfield code="7">0</subfield>
    <subfield code="9">19693</subfield>
    <subfield code="a">LBB</subfield>
    <subfield code="b">LBB</subfield>
    <subfield code="c">B178</subfield>
    <subfield code="d">2015-12-03</subfield>
    <subfield code="o">FIS ROV 2006 B178 Or.2</subfield>
    <subfield code="p">RUA026512</subfield>
    <subfield code="r">2015-12-03</subfield>
    <subfield code="w">2015-12-03</subfield>
    <subfield code="y">FIS</subfield>
  </datafield>
  <datafield tag="952" ind1=" " ind2=" ">
    <subfield code="0">0</subfield>
    <subfield code="1">0</subfield>
    <subfield code="2">ddc</subfield>
    <subfield code="4">0</subfield>
    <subfield code="6">FIS_ROV_2006_000000000000000_B178_OR_3</subfield>
    <subfield code="7">0</subfield>
    <subfield code="9">19694</subfield>
    <subfield code="a">LBB</subfield>
    <subfield code="b">LBB</subfield>
    <subfield code="c">B178</subfield>
    <subfield code="d">2015-12-03</subfield>
    <subfield code="o">FIS ROV 2006 B178 Or.3</subfield>
    <subfield code="p">RUA026735</subfield>
    <subfield code="r">2015-12-03</subfield>
    <subfield code="w">2015-12-03</subfield>
    <subfield code="y">FIS</subfield>
  </datafield>
  <datafield tag="952" ind1=" " ind2=" ">
    <subfield code="0">0</subfield>
    <subfield code="1">0</subfield>
    <subfield code="2">ddc</subfield>
    <subfield code="4">0</subfield>
    <subfield code="6">FIS_ROV_2006_000000000000000_B178_OR_4</subfield>
    <subfield code="7">0</subfield>
    <subfield code="9">19695</subfield>
    <subfield code="a">LBB</subfield>
    <subfield code="b">LBB</subfield>
    <subfield code="c">B178</subfield>
    <subfield code="d">2015-12-03</subfield>
    <subfield code="o">FIS ROV 2006 B178 Or.4</subfield>
    <subfield code="p">RUA026879</subfield>
    <subfield code="r">2015-12-03</subfield>
    <subfield code="w">2015-12-03</subfield>
    <subfield code="y">FIS</subfield>
  </datafield>
  <datafield tag="952" ind1=" " ind2=" ">
    <subfield code="0">0</subfield>
    <subfield code="1">0</subfield>
    <subfield code="2">ddc</subfield>
    <subfield code="4">0</subfield>
    <subfield code="6">FIS_ROV_2006_000000000000000_B178_OR_5</subfield>
    <subfield code="7">0</subfield>
    <subfield code="9">19696</subfield>
    <subfield code="a">LBB</subfield>
    <subfield code="b">LBB</subfield>
    <subfield code="c">B178</subfield>
    <subfield code="d">2015-12-03</subfield>
    <subfield code="l">1</subfield>
    <subfield code="o">FIS ROV 2006 B178 Or.5</subfield>
    <subfield code="p">RUA026951</subfield>
    <subfield code="r">2016-11-04</subfield>
    <subfield code="s">2016-10-14</subfield>
    <subfield code="w">2015-12-03</subfield>
    <subfield code="y">FIS</subfield>
  </datafield>
</record>
